Movies Quiz

Random Movies or Oscar Quiz

Vowel-less Oscar Winners Quiz Stats

 Plays Quiz Updated Oct 30, 2017

Challenge
Share
Tweet
Embed
Score 0/20 Timer 05:00
0 Plays Today
Movie Sans Vowels Movie With Vowels % Correct
SCHNDLR'SLSTSchindler's List
94.9%
SHKSPRNLVShakespeare In Love
91%
CSBLNCCasablanca
90.2%
THHRTLCKRThe Hurt Locker
88.7%
TTNCTitanic
84.2%
SLMDGMLLNRSlumdog Millionaire
82.9%
THDPRTDThe Departed
80.3%
CHCGChicago
79%
PTTNPatton
78.4%
NFRGVNUnforgiven
71.6%
Movie Sans Vowels Movie With Vowels % Correct
GGGigi
68.3%
BTFLMNDA Beautiful Mind
67.7%
RGArgo
66.2%
RNMNRain Man
64.8%
THSNDFMSCThe Sound Of Music
62.4%
LVR!Oliver!
62.3%
THNGLSHPTNTThe English Patient
49%
MDSAmadeus
48.9%
NNHLLAnnie Hall
48.3%
CHRTSFFRChariots Of Fire
33.4%

You're not logged in!

Compare scores with friends on all Sporcle quizzes.
Join for Free
OR
Log In

You Might Also Like...

Show Comments

Extras

Top Quizzes Today


Score Distribution

Your Account Isn't Verified!

In order to create a playlist on Sporcle, you need to verify the email address you used during registration. Go to your Sporcle Settings to finish the process.

Report this User

Report this user for behavior that violates our Community Guidelines.

Details: